| 000 | 00593nam a2200169 a 4500 | ||
|---|---|---|---|
| 001 | 000042284 | ||
| 005 | 20201002040044.0 | ||
| 008 | 131122s2013 dr 000 0 spa d | ||
| 020 | _a9789945887624 | ||
| 040 |
_aDO-SdBNP _bspa _cBNPHU |
||
| 100 | 1 |
_aRicón Vásquez, Felipe _969328 |
|
| 245 | 1 | 0 |
_aTeología sistemática : _bel critianismo, su historia y sus dogmas / _cFelipe Ricón Vásquez. |
| 260 |
_aSanto Domingo : _bMirabal Producciones, _c2013. |
||
| 300 |
_av. (176) p. ; _c22 cm. |
||
| 500 | _aIncluye datos biográficos del autor en la solapa | ||
| 500 | _aLa biblioteca posee el v. 2 | ||
| 999 |
_c41773 _d41773 |
||